Java 2 Network Security (E-BOOK) (Record no. 191135)

000 -LEADER
fixed length control field 00581 a2200157 4500
003 - CONTROL NUMBER IDENTIFIER
control field Nust
005 - DATE AND TIME OF LATEST TRANSACTION
control field 20170207154009.0
040 ## - CATALOGING SOURCE
Transcribing agency Nust
082 ## - DEWEY DECIMAL CLASSIFICATION NUMBER
Classification number 005.133
100 ## - MAIN ENTRY--PERSONAL NAME
Personal name Pistoia, Marco,
245 ## - TITLE STATEMENT
Title Java 2 Network Security (E-BOOK)
Statement of responsibility, etc. Marco Pistoia
260 ## - PUBLICATION, DISTRIBUTION, ETC.
Place of publication, distribution, etc. International Technical Support Organization
Date of publication, distribution, etc. 1999
300 ## - PHYSICAL DESCRIPTION
Extent 702 p
505 ## - FORMATTED CONTENTS NOTE
Formatted contents note Part 1. Introduction to Java and Security (Page-1) Chapter 2. Attack and Defense(Page-35_ Chapter 3. The New Java Security Model(Page- 69 Part 2. Under the Hood (Page-107) Chapter 5. Class Files in Java (Page-117)
651 ## - SUBJECT ADDED ENTRY--GEOGRAPHIC NAME
Geographic name E-BOOK
942 ## - ADDED ENTRY ELEMENTS (KOHA)
Source of classification or shelving scheme
Koha item type Book
Holdings
Withdrawn status Lost status Source of classification or shelving scheme Damaged status Not for loan Collection code Permanent Location Current Location Date acquired Total Checkouts Full call number Barcode Date last seen Price effective from Koha item type
            Military College of Signals (MCS) Military College of Signals (MCS) 12/12/2016   005.133 PIS MCSEB-613 12/08/2016 12/12/2016 Book
© 2023 Central Library, National University of Sciences and Technology. All Rights Reserved.